000 00361nam a2200121Ia 4500
005 20251222143220.0
008 251222s9999||||xx |||||||||||||| ||spa||
082 _a378.009.85/S26
100 _aSarmiento GutiƩrrez, Julio
245 0 _aHistoria de la Universidad Nacional de Cajamarca (1962-2008):
264 _bUniversidad Nacional de Cajamarca
942 _cLIB
999 _c13786
_d13786